Normal view
MARC view
- Kishawy, Hossam A
Entry Personal Name
001 - CONTROL NUMBER
- control field: 99959
003 - CONTROL NUMBER IDENTIFIER
- control field: NUST
005 - DATE AND TIME OF LATEST TRANSACTION
- control field: 20221011171824.0
008 - FIXED-LENGTH DATA ELEMENTS
- fixed length control field: 221011|| aca||aabn | a|a d
040 ## - CATALOGING SOURCE
- Original cataloging agency: NUST
- Transcribing agency: NUST
100 ## - HEADING--PERSONAL NAME
- Personal name: Kishawy, Hossam A
670 ## - SOURCE DATA FOUND
- Source citation: Work cat.: (NUST): Kishawy, Hossam A, Machining Difficult-To-Cut Materials : , 2019.
